• 首页
  • 本馆介绍
  • 公告通知
  • 最新文献
  • 馆藏检索
  • 电子资源
  • 读者导购
  • 参考咨询
  • 我的图书馆
  • 登录
  • 详细信息显示
  • 放入我的书架
  • 预约/预借图书
  • 作者相关作品
  • 分类相关作品
  • 丛书相关作品
  • 出版社相关作品

书目信息

  • 表格格式
  • 工作单格式
  • 卡片格式
题名:
轻松看懂汽车电路图
    
 
作者: 季杰 , 吴敬静 主编
分册:  
出版信息: 北京   化学工业出版社  2016.5
页数: 177页
开本: 29cm
丛书名:
单 册:
中图分类: U463.620.2
科图分类:
主题词: 汽车--电气设备--电路图--识图
电子资源:
ISBN: 978-7-122-09394-3
000 00973nam0 2200253 450
001 0400002965
005 20171021163858.0
010    @a978-7-122-09394-3@dCNY39.80
100    @a20171021d2016 em y0chiy ea
101 0  @achi
102    @aCN@b110000
105    @aa z 000yy
106    @ar
200 1  @a轻松看懂汽车电路图@9qing song kan dong qi che dian lu tu@f季杰,吴敬静主编
210    @a北京@c化学工业出版社@d2016.5
215    @a177页@c图@d29cm
304    @a广州凌凯汽车资料编写组组织编写
330    @a本书介绍了汽车电路图的基本知识,并根据各汽车制造公司的电路特点和电路符号表示方法的不同,详细介绍了欧美、日韩、国产典型车系的电路特点、表达方式及电路图的识读示例。另外对汽车主要电气系统电路图也进行了分析,重点讲述了电路故障的检修方法。
606 0  @a汽车@x电气设备@x电路图@x识图
690    @aU463.620.2@v4
701  0 @a季杰@9ji jie@4主编
701  0 @a吴敬静@9wu jing jing@4主编
801  0 @aCN@b91MARC@c20171021
905    @b1035326-30@dU463.620.2@f5@e624
    
    轻松看懂汽车电路图/季杰,吴敬静主编.-北京:化学工业出版社,2016.5
    177页:图;29cm
    
    
    ISBN 978-7-122-09394-3:CNY39.80
    本书介绍了汽车电路图的基本知识,并根据各汽车制造公司的电路特点和电路符号表示方法的不同,详细介绍了欧美、日韩、国产典型车系的电路特点、表达方式及电路图的识读示例。另外对汽车主要电气系统电路图也进行了分析,重点讲述了电路故障的检修方法。
●
相关链接 在E读中查询图书 在五车中查询图书 在当当中查询图书 在豆瓣中查询图书


正题名:轻松看懂汽车电路图     索取号:U463.620.2/624         预约/预借

序号 登录号 条形码 馆藏地/架位号 状态 备注
1 1035326   210353268   第二样本阅览室/ [索取号:U463.620.2/624] 在馆    
2 1035327   210353277   物理系资料室/ [索取号:U463.620.2/624] 在馆    
3 1035328   210353286   第三借阅区/ [索取号:U463.620.2/624] 在馆    
4 1035329   210353295   第三借阅区/ [索取号:U463.620.2/624] 在馆    
5 1035330   210353302   第三借阅区/ [索取号:U463.620.2/624] 在馆    
唐山师范学院图书馆 欢迎您!
大连网信软件有限公司© 版权所有